LEADER 01141nam0 22002771i 450 001 UON00094451 005 20231205102526.125 010 $a39-00-30527-6 100 $a20020107d1998 |0itac50 ba 101 $ager 102 $aAT 105 $a|||| ||||| 200 1 $a100$bEin hundert] Jahre Osterreichisches Archaologisches Institut 1898-1998$fOsterreichisches Archaologisches Institut 210 $aWien$cOsterreichisches Archaologisches Institut$d1998 215 $a217 p.$d29 cm 316 $aARCH. INST. WIEN$5IT-UONSI N 1EPHES.SMARRITO 620 $aAT$dWien$3UONL003140 686 $aX3$cMISCELLANEE AUTORI VARI$2A 712 02$aOsterreichisches Archäologisches Institut Wien$3UONV056100 712 $aOsterreichisches Archaologisches Instut$3UONV259658$4650 801 $aIT$bSOL$c20250314$gRICA 899 $aSIBA - SISTEMA BIBLIOTECARIO DI ATENEO$2UONSI 912 $aUON00094451 950 $aSIBA - SISTEMA BIBLIOTECARIO DI ATENEO$dSI N 1 EPHES. SMARRITO $eSI MC 21920 7 ARCH. INST. WIEN$sSmarrito 996 $a100$91302707 997 $aUNIOR LEADER 03627nam 2200781Ia 450 001 9910958910603321 005 20251116231914.0 010 $a9786611802783 010 $a9781281802781 010 $a1281802786 010 $a9780567174451 010 $a056717445X 035 $a(CKB)1000000000542292 035 $a(EBL)436029 035 $a(OCoLC)276783694 035 $a(SSID)ssj0000202747 035 $a(PQKBManifestationID)11202038 035 $a(PQKBTitleCode)TC0000202747 035 $a(PQKBWorkID)10254488 035 $a(PQKB)10269958 035 $a(SSID)ssj0000303247 035 $a(PQKBManifestationID)12080335 035 $a(PQKBTitleCode)TC0000303247 035 $a(PQKBWorkID)10275694 035 $a(PQKB)10658599 035 $a(MiAaPQ)EBC436029 035 $a(Au-PeEL)EBL436029 035 $a(CaPaEBR)ebr10250813 035 $a(CaONFJC)MIL180278 035 $a(OCoLC)893333891 035 $a(Perlego)803111 035 $a(iGPub)BLOM0007475 035 $a(EXLCZ)991000000000542292 100 $a19830525d1983 uy 0 101 0 $aeng 135 $aur|n|---||||| 181 $ctxt$2rdacontent 182 $cc$2rdamedia 183 $acr$2rdacarrier 200 00$aMidian, Moab and Edom $eThe history and archaeology of late Bronze and Iron Age Jordan and north-west Arabia /$fedited by John F.A. Sawyer and David J.A. Clines 205 $a1st ed. 210 $aSheffield $cJSOT Press$d1983 215 $a1 online resource (177 pages) $cillustrations, maps, plates 225 1 $aJournal for the study of the Old Testament. Supplement series ;$v24 300 $aDescription based upon print version of record. 311 0 $a9780905774480 311 0 $a0905774485 311 0 $a9780905774497 311 0 $a0905774493 320 $aIncludes bibliographies. 327 $aContents; Preface; SITES AND SURVEYS; ""Excavations at Buseirah (Biblical Bozrah)""; ""The Late Bronze and Iron Age Sites of the Wadi el Hasa? Survey 1979""; ""Social-Religious Distinctions in Iron Age Burial Practice in Jordan""; POTTERY; ""Painted Pottery of Tayma and Problems of Cultural Chronology in Northwest Arabia""; ""The Edomite Pottery""; ""The Midianite Pottery""; METALLURGY; ""A Laboratory Reconstruction of Late Bronze - Early Iron Age Copper Smelting in the Arabah""; ""The meaning of barzel in the Biblical expressions 'Chariots of Iron', 'Yoke of Iron', etc."" 327 $aSOCIAL AND POLITICAL HISTORY""The 'United' Campaign against Moab in 2 Kings 3:4-27""; ""Midianites and Ishmaelites""; ""The Midianite Arc in Joshua and Judges"" 330 $aSpecialists from different fields converge on one relatively circumscribed and, until recently, largely neglected area of biblical archaeology. The eleven papers comprise archaeological reports from Buseira (Biblical Bozrah) and Wadi el Hasa in Moab, technical studies of Midianite and Edomite pottery, Iron Age burial practices and copper smelting in the Arabah, a semantic study of barzel ('iron') in Biblical Hebrew, and three essays of more general interest, on the history of the Ishmaelites and the Midianites. 410 0$aJournal for the study of the Old Testament.$pSupplement series ;$v24. 606 $aBronze age$zJordan 607 $aJordan$xAntiquities 615 0$aBronze age 676 $a933 676 $a933 701 $aSawyer$b John F. A$0124879 701 $aClines$b David J. A$01593045 801 0$bMiAaPQ 801 1$bMiAaPQ 801 2$bMiAaPQ 906 $aBOOK 912 $a9910958910603321 996 $aMidian, Moab and Edom$94550443 997 $aUNINA